US Open demi finalistes, dernier carré semi finals 2010-2022 - Statistiques

Statistiques générales
  • Ce quiz a été pris 246 fois
  • Le résultat moyen est 42 sur 52
Statistiques - réponses
Année stade de la
compétition
Joueur % Correct
2021 finaliste Djokovic
100%
2018 vainqueur Djokovic
100%
2016 finaliste Djokovic
100%
2015 vainqueur Djokovic
100%
2014 demi finaliste Djokovic
100%
2013 finaliste Djokovic
100%
2012 finaliste Djokovic
100%
2011 vainqueur Djokovic
100%
2010 finaliste Djokovic
100%
2019 vainqueur Nadal
100%
2018 demi finaliste Nadal
100%
2017 vainqueur Nadal
100%
2013 vainqueur Nadal
100%
2011 finaliste Nadal
100%
2010 vainqueur Nadal
100%
2015 finaliste Federer
99%
2014 demi finaliste Federer
99%
2010 demi finaliste Federer
99%
2011 demi finaliste Federrer
99%
2022 vainqueur Alcaraz
98%
2021 demi finaliste Zverev
93%
2020 finaliste Zverev
93%
2021 vainqueur Medvedev
92%
2020 demi finaliste Medvedev
92%
2019 finaliste Medvedev
92%
2012 vainqueur Murray
91%
2011 demi finaliste Murray
91%
2020 vainqueur Thiem
88%
2016 vainqueur Wawrinka
87%
2015 demi finaliste Wawrinka
87%
2013 demi finaliste Wawrinka
87%
2015 demi finaliste Cilic
85%
2014 vainqueur Cilic
85%
2022 finaliste Ruud
84%
2018 finaliste Del Potro
80%
2017 demi finaliste Del Potro
80%
2016 demi finaliste Monfils
77%
2018 demi finaliste Nishikori
72%
2016 demi finaliste Nishikori
72%
2014 finaliste Nishikori
72%
2012 demi finaliste Ferrer
68%
2022 demi finaliste Tiafoe
65%
2013 demi finaliste Gasquet
59%
2012 demi finaliste Berdych
54%
2019 demi finaliste Dimitrov
53%
2017 finaliste Anderson
50%
2022 demi finaliste Khachanov
44%
2020 demi finaliste Carreno Busta
39%
2017 demi finaliste Carreno Busta
39%
2019 demi finaliste Berretini
37%
2021 demi finaliste Auger-Aliassime
33%
2010 demi finaliste Youznhy
3%
Aucun quiz correspondant
Distribution des résultats
% des personnes avec chaque résultat
Percentile par nombre de réponses
Votre historique - résultats
Vous n’avez pas pris ce quiz